000 00889nam a22002297a 4500
003 NALT
005 20250410073729.0
008 s2003 eng d
020 _a9993099414
040 _aNALT
041 _aeng
050 _aDR 441
_bD32O 2003
100 1 _aDadrian, Vahakn N.
_9133
245 1 4 _aThe Ottoman empire : a troubled legacy :
_bviews comments and judgments by noted experts world wide /
_ccompiled by Vahakn N. Dadrian.
260 _aS.l. :
_bNational Academy of Sciences Museum-Institute of the Armenian Genocide,
_c2003.
300 _a93 p. ;
_b
_c24 cm.
500 _aพิพิธภัณฑ์มอบให้ห้องสมุด
651 0 _935115
_aTurkey
_xHistory
_yOttoman Empire, 1288-1918
_xAddresses, essays, lectures
850 _aNALT
942 _cGB
_2lcc
999 _c73922
_d73922
998 _j
_kCRON CRON